00000000nam##2200000za#4500
0019.533220
003CaOODSP
00520200331231652
007ta
008150406|2000||||xxc|||||     f|0| 0 eng|d
020 |a0-660-61189-9
040 |aCaOODSP|beng
041 |aeng
041 |afre
043 |an-cn---
0861 |aBT31-2/2001-III-61
1101 |aCanada. |bTreasury Board.
24510|aIndustry Canada
260 |aOttawa - Ontario : |bTreasury Board of Canada Secretariat |c2000.
300 |aEnglish text, 93p. : |bgraphs, organization chart, tables ; |c28 cm.
4901 |a2000-2001 estimates, part III: report on plans and priorities
546 |aBilingual
563 |aSoftcover
590 |a00-14|b2000-04-07
69007|aEstimates|2gcpds
7760#|tIndustry Canada, 2000-2001 estimates, part III, report on plans and priorities |w(CaOODSP)9.567846
7760#|tIndustrie Canada, budget des dépenses 2000-2001, partie III, rapport sur les plans et les priorités |w(CaOODSP)9.599167
792 |tIndustrie Canada |efre|w(CaOODSP)9.533221
830#0|a2000-2001 estimates, part III: report on plans and priorities.|w(CaOODSP)9.508964